Top 15 des pays avec les décès de Covid-19 - 11 novembre - Statistiques

Statistiques générales
  • Ce quiz a été pris 47 fois
  • Le résultat moyen est 12 sur 20
Statistiques - réponses
pays % Correct
Etats-Unis
95%
France
93%
Espagne
90%
Italie
90%
Brésil
83%
Inde
79%
Royaume-Uni
79%
Russie
76%
Mexique
71%
Belgique
69%
Argentine
67%
Colombie
45%
Chili
43%
Pérou
40%
Indonésie
33%
Iran
31%
Bolivie
29%
Afrique du Sud
26%
Équateur
24%
Panama
14%
Aucun quiz correspondant
Distribution des résultats
% des personnes avec chaque résultat
Percentile par nombre de réponses
Votre historique - résultats
Vous n’avez pas pris ce quiz